| 000 | 02648nam a2200277Ia 4500 | ||
|---|---|---|---|
| 999 |
_c1776 _d1776 |
||
| 003 | CoMeUDC | ||
| 005 | 20240510153548.0 | ||
| 008 | 130821s2008 ck gr spa | ||
| 020 | _a9586764247 | ||
| 040 |
_aCo-BoUCM _bspa _cCO-UdeC _dCO-UdeC _eAARC _eISBD |
||
| 041 | 0 | 0 | _aspa |
| 082 | 0 | 4 |
_a346.5 _bT153 |
| 100 | 1 | _aTamayo Lombana, Alberto | |
| 245 | 1 | 0 |
_aManual de obligaciones : _bEl acto o negocio jurídico y otras fuentes de las obligaciones / _cAlberto Tamayo Lombana |
| 250 | _aSéptima edición. | ||
| 260 |
_aBogotá (Colombia) : _bEdiciones Doctrina y Ley, _c2008. |
||
| 300 |
_a541 p. ; _c24 cm. |
||
| 504 | _aIncluye bibliografía e índice de autores. | ||
| 505 | _aDe las obligaciones. El acto jurídico -- Las obligaciones -- Definiciones modernas de la obligación -- Las fuentes de las obligaciones. Concepto -- El acto jurídico como fuente de obligaciones. La voluntad unilateral -- El precontrato. La oferta -- La promesa bilateral de contrato. La opción o promesa unilateral -- La convención en general -- Clasificación de los contratos -- Elementos constitutivos del contrato -- Interpretación de los contratos y de los actos jurídicos en general -- Condiciones esenciales para la validez del acto jurídico -- La capacidad -- El consentimiento -- La representación -- Los vicios del consentimiento -- La fuerza. Vicio del consentimiento -- El dolo. Vicio del consentimiento -- La lesión enorme -- El objeto de la obligación y el objeto del contrato -- La causa -- La nulidad de los actos jurídicos. Revisión o terminación del contrato por aplicación de la teoría de la imprevisión -- La nulidad de los actos jurídicos como sanción por la omisión de los requisitos de validez -- La revisión del contrato. Teoría de la imprevisión -- Efectos de los contratos -- La regla "res inter alios acta" personas que resultan obligadas -- La estipulación para otro, derogación real de la relatividad de las convenciones. La estipulación por otro -- Otras fuentes de obligaciones. Los cuasicontratos -- El pago de lo no debido. Condiciones para que se estructure -- La agencia oficiosa o gestión de negocios ajenos. La comunidad -- Otras fuentes de las obligaciones -- Efectos de las obligaciones y su transmisión -- Efectos de las obligaciones -- Los derechos auxiliares del acreedor y, en primer lugar, la acción de simulación -- La acción oblicua y la acción pauliana -- Transmisión de las obligaciones | ||
| 546 | _aEspañol. | ||
| 650 | 0 | 4 |
_aActos jurídicos _98468 |
| 650 | 0 | 4 |
_aContratos _911818 |
| 650 | 0 | 4 |
_aDerecho privado _9437 |
| 650 | 0 | 4 | _aObligaciones (Derecho) |
| 942 |
_cBK _2ddc |
||